000 00468nam a2200169 a 4500
001 2824
005 20140414131954.0
008 051021s19uu xx 00 eng d
020 _a0-15-320732-9
050 _aTR 372.7
_bMa42 G1 SELL
245 _aHarcourt math: sucess for english learners, grade 1.
260 _aOrlando :
_bHarcourt .
300 _axv, 85 p. ; cm.
440 _aHarcourt Math.
650 _aMathematics
_xJuvenile literature.
999 _c112882
_d112882